Statistics for Characters of the Middle Earth - Lord of the Rings + Hobbit

Click here to take the quiz!

General Stats

  • This quiz has been taken 69 times
  • The average score is 49 of 101

Answer Stats

HintCharacter% Correct
EreborThorin II Oakenshield
97%
Khazad-DumBalin
92%
DunadainAragorn II / Elessar / Strider
90%
RivendellElrond Half-elven
88%
LorienGaladriel / Altariel
88%
IstariGandalf / Mithrandir / Thar-kun / Olórin
88%
Durin's FolkBombur
86%
GondorBoromir
86%
IstariSaruman / Sharkey / Curunir
86%
Durin's FolkDwalin
85%
GondorFaramir
85%
ShireFrodo Baggins
85%
Durin's FolkKili
85%
MirkwoodLegolas
85%
Durin's FolkOin
85%
Durin's FolkBifur
83%
ShireBilbo Baggins
83%
Durin's FolkBofur
83%
GondorDenethor II / Steward of Gondor
83%
Durin's FolkFili
83%
EntTreebeard / Fangorn
83%
RivendellGloin
81%
IstariRadagast / Aiwendil
81%
MordorSauron / Thauron / Gorthaur the Cruel
81%
RohanTheoden
81%
MirkwoodThranduil
81%
LorienCeleborn
80%
RohanEowyn
80%
ShireSamwise Gamgee
80%
Fire drakeSmaug
80%
Durin's FolkNori
78%
Durin's FolkOri
78%
BeoringBeorn
76%
RohanEomer
76%
IV Age ChildTolman Gamgee / Tom
76%
TrollTom
76%
DaleBard II
73%
EsgarothBard I the Bowman
73%
Durin's FolkDori
73%
Blue MountainsGimli
73%
Misty MountainsGollum / Smeagol
73%
NazgulWitch King of Angmar / Lord of the Nazguls
69%
Iron HillsDain II Ironfoot
66%
LorienHaldir
66%
RohanGrima Wormtongue
63%
ShireRosie / Rose Cotton
59%
Cirith UngolShelob
58%
Old ForestTom Bombadil / Forn / Orald / Iarwain Ben-adar
58%
TrollBert
53%
ShireMeriadoc Brandybuck
53%
ShirePeregrin Took
53%
Great EagleGwaihir
49%
TrollWilliam
49%
Old ForestGoldberry
47%
RohanTheodred
46%
BreeBarliman Butterbur
44%
ShireHamfast Gamgee / the Gaffer
42%
RohanHama
41%
Khazad-DumAzog
36%
BreeNob
36%
Grey HavensCirdan
34%
MordorMouth of Sauron
34%
GondorBeregond
32%
DaleBain
31%
Misty MountainsBolg
31%
BreeBob
29%
RivendellGlorfindel
29%
BreeBill Ferny
27%
DaleBrand
27%
IstariAlatar
24%
NazgulKhamul Easterling
24%
ShireLobelia Sackville-Baggins
24%
IstariPallando
24%
MordorGothmog
22%
IV Age ChildEldarion
19%
DunharrowKing of the Dead
19%
RivendellArwena / Undómiel / Evenstar
17%
ShireDrogo Baggins
17%
ShireLotho Sackville-Baggins
17%
ShireOtho Sackville-Baggins
17%
IV Age ChildFaramir Took
12%
BreeHarry
12%
IV Age ChildRose Gamgee
8%
IV Age ChildBilbo Gamgee
7%
IV Age ChildElfwine the Fair
7%
IV Age ChildMerry Gamgee
7%
IV Age ChildPippin Gamgee
7%
EreborThorin III
7%
NazgulMorgomir
5%
IV Age ChildBarahir
3%
IV Age ChildElanor the Fair Gamgee
3%
IV Age ChildHamfast Gamgee
3%
GondorLothiriel
3%
ShireBell Gamgee
2%
IV Age ChildDaisy Gamgee
2%
ShireDiamond Took
2%
ShireEsmeralda Brandybuck
2%
IV Age ChildGoldilocks Took
2%
IV Age ChildPrimrose Gamgee
2%
IV Age ChildRobin Gamgee
2%
IV Age ChildRuby Gamgee
2%

Score Distribution

Percentile by Number Answered

Percent of People with Each Score

Your Score History

You have not taken this quiz